| 000 | 00758nam a22002057a 4500 | ||
|---|---|---|---|
| 003 | 0 | ||
| 005 | 20250129100331.0 | ||
| 008 | 150826b xxu||||| |||| 00| 0 eng d | ||
| 050 |
_aPGS TX 364 _b.At864 2015 |
||
| 100 | _aAtendido, Bobbie Neiljohn Agustin. | ||
| 245 |
_aEating preference and academic performance / _cBobbie Neiljohn Agustin Atendido. |
||
| 260 |
_aLas PiƱas City, Philippines : _bSouthville International School and Colleges, _c2015. |
||
| 300 |
_a21 p. : _bill. ; _c28 cm. _fPASS |
||
| 504 | _aIncludes bibliographical references. | ||
| 650 | _aEating habits of children. | ||
| 650 | _aAcademic achievement in children. | ||
| 650 | _aNutrition and academic performance. | ||
| 650 | _aDiet and school performance. | ||
| 942 |
_2lcc _cPASS |
||
| 999 |
_c288514 _d288514 |
||